000
00252nam a2200109Ia 4500
999
_c
8060
_d
8060
020
_a
978-0073376769
100
_a
James A. O' Brien
245
0
_a
Management Information Systems
260
_a
New Delhi
_b
Prentice Hall
_c
1991
300
_a
620
942
_c
BK